000 00805nam a2200265 4500
003 OSt
005 20260601171004.0
008 260508b1994\\\\mx\|||||\||||\00|\0\spa\d
040 _aICI
_bspa
_cICI
041 _aspas
050 0 _aNK5110
_bN68 1994
245 1 _aNouvel Studio /
_bLaboratorio de Diseño en Cristal
264 1 _aMéxico
_bNuvel Studio
_c199a
300 _a120 páginas:
_bilustraciones
336 _atexto
_2rdacontent
337 _asin medio
_2rdamedia
338 _avolumen
_2rdacarrier
490 _aNK5300
_v.L33 1994
500 _aPublicación sobre técnicas y procesos de diseño en cristal.
650 _aCristal
_xDiseño.
_931960
650 _aVidrio
_xTrabajo manual.
650 _aArtes del vidrio.
700 _aCamacho, Alejandra
_eeditora
_931963
942 _2lcc
_cB
_n1
999 _c20214
_d20214